00735cam a2200241 a 45000010009000000050017000090080041000260100017000670200035000840400018001190410008001370430012001450800018001570820022001751000007001971010008002042450039002125040051002519060045003029420012003479990017003599520117003761243190220180221070538.0010605s2002 maua b 001 0 eng  a 2001040332 a0072397780 (pbk. : alk. paper) aDLCcDLCdDLC aeng an-us--- a370..973 JOE00a370..973 JOE2211 a47 aEDU10aAmerican education /cJoel Spring. aIncludes bibliographical references and index. a7bcbccorignewd1eocipf20gy-gencatlg 2ddccBK c43042d43042 00102udc40708PËKGa002b002cPËKGd2018-02-21l0o370..973 JOEp002-2999816r2018-02-21w2018-02-21yBK